Maat, jotka ovat lähinnä Tansania - Statistics

Yleistilastot
  • Tätä visaa on pelattu 19 kertaa
  • Keskiarvotulos 17 / 20
Vastaustilastot
km maat % Oikein
0 Kenia
100%
0 Kongon dem tas
100%
0 Uganda
100%
755 Keski-Afrikan tasavalta
94%
0 Mosambik
94%
0 Ruanda
94%
425 Somalia
94%
0 Burundi
88%
497 Etelä-Sudan
88%
649 Etiopia
88%
0 Malawi
88%
611 Zimbabwe
88%
1207 Botswana
82%
770 Madagaskar
82%
0 Sambia
82%
1201 Sudan
76%
810 Angola
65%
327 Komorit
65%
1201 Namibia
65%
640 Seychellit
59%
Ehtoja vastaavia visoja ei löytynyt
Tulosjakauma
Jokaisen tuloksen saaneiden osuus
Persentiili vastausten määrän mukaan
Tuloshistoriasi
Et ole pelannut tätä visaa